Statistiken für Anschlussstellen der BAB 27

Klicken Sie hier um das Quiz zu spielen!

Allgemein

  • Dieses Quiz wurde 13 mal gespielt
  • Das Durchschnittsergebnis liegt bei 21 aus 30

Antwortstatistiken

BundeslandAS-Nr.Anschlussstelle% Korrekt
Niedersachsen22Bremer Kreuz
100%
Niedersachsen23Achim-Nord
91%
Niedersachsen24Achim-Ost
91%
Bremen19Bremen-Horn/Lehe
91%
Bremen16Bremen-Nord
91%
Niedersachsen21Bremen-Sebaldsbrück
91%
Bremen18Bremen-Überseestadt
91%
Bremen20Bremen-Vahr
91%
Bremen8Bremerhaven-Geestemünde
91%
Niedersachsen10Bremerhaven-Süd/Nesse
91%
Bremen6Bremerhaven-Überseehäfen
91%
Bremen9Bremerhaven-Wulsdorf
91%
Bremen7Bremerhaven-Zentrum
91%
Niedersachsen1Cuxhaven
91%
Bremen17Dreieck Bremen-Industriehäfen
91%
Niedersachsen25Verden-Nord
73%
Niedersachsen26Verden-Ost
73%
Niedersachsen29Dreieck Walsrode
64%
Niedersachsen28Walsrode-Süd
64%
Niedersachsen27Walsrode-West
64%
Niedersachsen2Altenwalde
45%
Niedersachsen24aLangwedel
45%
Niedersachsen13Uthlede
45%
Niedersachsen5Debstedt
36%
Niedersachsen4Neuenwalde
36%
Niedersachsen3Nordholz
36%
Niedersachsen14Schwanewede
36%
Niedersachsen12Hagen
27%
Niedersachsen15Ihlpohl
27%
Niedersachsen11Stotel
27%

Verteilung der Resultate

Perzentil nach korrekt beantworteten Fragen

Anzahl Personen mit jedem Resultat

Ihre Resultats-Entwicklung

Sie haben dieses Quiz noch nicht gespielt